Clubs de la Champions Cup 2023-2024. - Statistiques

Statistiques générales
  • Ce quiz a été pris 133 fois
  • Le résultat moyen est 17 sur 24
Statistiques - réponses
Clubs % Correct
Stade toulousain
96%
Stade rochelais
93%
Leinster
90%
Union Bordeaux-Bègles
88%
Racing 92
87%
Stade français
87%
Munster
84%
RC Toulon
83%
Lyon OU
78%
Aviron bayonnais
76%
Sale Sharks
74%
Leicester Tigers
73%
Ulster
71%
Saracens
69%
Exeter Chiefs
68%
Harlequins
65%
Northampton Saints
61%
Stormers
61%
Glasgow Warriors
60%
Bulls
59%
Cardiff rugby
56%
Bath rugby
56%
Connacht
49%
Bristol Bears
46%
Aucun quiz correspondant
Distribution des résultats
% des personnes avec chaque résultat
Percentile par nombre de réponses
Votre historique - résultats
Vous n’avez pas pris ce quiz